Biofuel production support using domestic renewable resources by means of the tax system in Slovakia
Enregistré dans:
| Auteur principal: | |
|---|---|
| Autres auteurs: | , |
| Format: | Chapitre de livre |
| Langue: | anglais |
| Tags: |
Pas de tags, Soyez le premier à ajouter un tag!
|
MARC
| LEADER | 00000nla$a2200000$$$4500 | ||
|---|---|---|---|
| 001 | 0063079 | ||
| 005 | 20240502071724.0 | ||
| 041 | 0 | |a eng | |
| 044 | |a SK | ||
| 245 | 1 | 0 | |a Biofuel production support using domestic renewable resources by means of the tax system in Slovakia |c Eva Romančíková, Jozef Mikulec, Ján Cvengroš |
| 100 | 1 | |a Romančíková, Eva | |
| 700 | 1 | |a Mikulec, Jozef | |
| 700 | 1 | |a Cvengroš, J. | |